000
00328 a2200109 4500
001
ART_10228
005
20260410161848.0
008
260409a
245
1
0
_a
Política tributaria en una economía competitiva
100
1
_a
Mantel, Rolf R.
773
0
_t
Económica
_g
- Año XVI, Nº3 (sep./dic. 1970)
_w
REV7541
999
_c
24729
_d
24729